000
00319nam a2200133Ia 4500
008
151001s9999||||xx |||||||||||||| ||und||
100
_a
सुदर्शन भाटीया
245
_a
सार्थक
250
_a
1
260
_b
जागृती
260
_c
2012
300
_a
184
365
_b
21
999
_c
1000509
_d
1000506